书目信息 |
| 题名: |
建筑碳中和概论
|
|
| 作者: | 刘加平主编 | |
| 分册: | ||
| 出版信息: | 北京 中国建筑工业出版社 2024.09 |
|
| 页数: | 274页 | |
| 开本: | 26cm | |
| 丛书名: | 高等学校碳中和城市与低碳建筑设计系列教材 | |
| 单 册: | ||
| 中图分类: | TU-023 | |
| 科图分类: | ||
| 主题词: | 建筑业-低碳经济-中国-高等学校-教材 , 建筑学--基础理论 | |
| 电子资源: | ||
| ISBN: | 9787112302680 | |
| 000 | 01366nam0 2200265 450 | |
| 001 | 2530540438 | |
| 005 | 20251205170549.43 | |
| 010 | @a9787112302680@dCNY59.00 | |
| 092 | @aCN@b自科2 | |
| 100 | @a20250709d2024 y0chiy0110 ea | |
| 101 | 0 | @achi |
| 200 | 1 | @a建筑碳中和概论@Ajian zhu tan zhong he gai lun@f刘加平主编 |
| 210 | @a北京@c中国建筑工业出版社@d2024.09 | |
| 215 | @a274页@d26cm | |
| 225 | 1 | @a高等学校碳中和城市与低碳建筑设计系列教材 |
| 300 | @a教育部高等学校建筑类专业教学指导委员会规划推荐教材 | |
| 330 | @a本教材符合我国碳中和重大战略需求, 系统介绍了基于碳中和城市的技术基本原理、工艺过程、技术特点和发展趋势。碳中和城市是指通过技术创新和社会治理相结合, 以工业、农业、建筑、交通和市政五方面构成的城市碳中和体系为实施框架, 在规划-建设-运营全阶段采取技术措施, 从低碳产业体系、绿色交通体系、低碳建筑与市政设施、绿色基础设施等多方面提高城市生产生活的碳排放效率, 推动重要能源消费端增长达峰, 以城市生态系统建设提高蓝绿碳汇能力, 最终实现在城市碳足迹范围和一定的时间范围内, 城市直接和间接产生的二氧化碳或温室气体排放总量, 通过城市碳汇和节能减排城市碳氧平衡, 实现正负抵消, 达到“零排放”。 | |
| 333 | @a本书适用于高校师生 | |
| 503 | @n河南城建学院图书馆 | |
| 606 | 0 | @a建筑业-低碳经济-中国-高等学校-教材 |
| 606 | 0 | @a建筑学@x基础理论 |
| 690 | @aTU-023@v4 | |
| 801 | 0 | @aRC@bCF@c20250709 |
| 905 | @aZUCC@dTU-023@eL6341 | |
| 906 | @c自科2@dCNY59.00@n1@r1 | |
| 建筑碳中和概论/刘加平主编.-北京:中国建筑工业出版社,2024.09 |
| 274页;26cm.-(高等学校碳中和城市与低碳建筑设计系列教材) |
| 教育部高等学校建筑类专业教学指导委员会规划推荐教材.-使用对象:本书适用于高校师生 |
| ISBN 9787112302680:CNY59.00 |
| 本教材符合我国碳中和重大战略需求, 系统介绍了基于碳中和城市的技术基本原理、工艺过程、技术特点和发展趋势。碳中和城市是指通过技术创新和社会治理相结合, 以工业、农业、建筑、交通和市政五方面构成的城市碳中和体系为实施框架, 在规划-建设-运营全阶段采取技术措施, 从低碳产业体系、绿色交通体系、低碳建筑与市政设施、绿色基础设施等多方面提高城市生产生活的碳排放效率, 推动重要能源消费端增长达峰, 以城市生态系统建设提高蓝绿碳汇能力, 最终实现在城市碳足迹范围和一定的时间范围内, 城市直接和间接产生的二氧化碳或温室气体排放总量, 通过城市碳汇和节能减排城市碳氧平衡, 实现正负抵消, 达到“零排放”。 |
| ● |
| 相关链接 |
|
|
|
正题名:建筑碳中和概论
索取号:TU-023/L6341
 
预约/预借
| 序号 | 登录号 | 条形码 | 馆藏地/架位号 | 状态 | 备注 |
| 1 | 1556566 | 215565662 | 建筑与城市规划学院资料室/ [索取号:TU-023/L6341] | 在馆 | |
| 2 | 1556567 | 215565671 | 建筑与城市规划学院资料室/ [索取号:TU-023/L6341] | 在馆 |